Anime erraten - Statistiken

Allgemein
  • Dieses Quiz wurde 3.371 mal gespielt
  • Das Durchschnittsergebnis liegt bei 10 aus 16
Antwortstatistiken
Bildquiz Antwort % Korrekt
Death Note
92%
Attack on Titan
91%
Bleach
85%
Detektiv Conan
80%
Fullmetal Alchemist
80%
Food Wars
70%
Fairy Tail
69%
Cowboy Bebop
68%
Elfenlied
62%
Violet Evergarden
59%
Hellsing
58%
Beastars
55%
Steins;Gate
55%
Monster
44%
Black Lagoon
37%
Ghost in the Shell
19%
Keine übereinstimmenden Quizze gefunden
Verteilung der Resultate
Anzahl Personen mit jedem Resultat
Perzentil nach korrekt beantworteten Fragen
Ihre Resultats-Entwicklung
Sie haben dieses Quiz noch nicht gespielt